01027nam0a22002411 4500001001100000005001700011021001900028035002600047100004100073101000800114102000700122105001800129200021200147205004500359210003800404215002300442606010600465702003400571712012100605801001800726801002200744852001900766rc\439613420260407124937.0 aRUb[59-42937] a(NLR Aleph) 008556320 a20130416d1959 |||y0rusy50 ca0 arus aRU aa z |||||1 aДень здоровьяe[Сборник статейfОбщая ред. А.С. Демьянова]gТул. обл. отд. здравоохранения. Обл. дом сан. просвещения a2-е изд., перераб. и доп. aТулаcКн. изд-воd1959 a151 с.cил.d20 aСанитарно-оздоровительная работаyТульская область2psbo 1aДемьяновbА.С.434002aТульский областной дом санитарного просвещения3RU\NLR\AUTH\8810074643 0aRUbNLRgpsbo 1aRUbELAR2rusmarc aNLRj59-3/3618